000 00472nam a2200157 4500
001 138202
003 ES-MaACL
005 20230906195525.0
007 t|
008 070214s1956 sp r ||||1| spa d
100 1 _aSánchez Serrano, Pascual.
_9102937
245 1 0 _aEmociones en España de un hispanoamericano /
_cPascual Sánchez Serrano.
260 _aMadrid :
_b[s. n.],
_c1956 (
_fGráf. Arba)
300 _a270 p. ;
_c21 cm.
852 _aES-MaACL
_jC-10945
_bR.39068
999 _c138202
_d138202